Svetové trendy v spotrebe potravín

Guardado en:
Detalles Bibliográficos
Autor principal: Krížová, Slávka
Formato: Libro
Lenguaje:eslovaco
Publicado: Bratislava Výskumný ústav ekonomiky poľnohospodárstva a potravinárstva 2005
Colección:Štúdia č. 95/2005
Materias:
Etiquetas: Agregar Etiqueta
Sin Etiquetas, Sea el primero en etiquetar este registro!

MARC

LEADER 00000nam$a2200000$$$4500
001 0050510
005 20240223110437.9
020 |a 80-8058-397-8 
041 0 |a slo 
044 |a SK 
245 1 0 |a Svetové trendy v spotrebe potravín  |c Slávka Krížová 
264 1 |a Bratislava  |b Výskumný ústav ekonomiky poľnohospodárstva a potravinárstva  |c 2005 
300 |a 93 s. 
490 1 |a Štúdia  |v č. 95/2005 
830 0 |a Štúdia  |v č. 95/2005 
610 2 0 |a spotreba potravín 
610 2 0 |a výživa 
610 2 0 |a zdravie 
610 2 0 |a komodity 
610 2 0 |a porovnanie medzinárodné 
610 2 0 |a Slovensko 
100 1 |a Krížová, Slávka